| 000 | 00526nam a2200181 a 4500 | ||
|---|---|---|---|
| 001 | 000021753 | ||
| 005 | 20200930011433.0 | ||
| 008 | 100910s1971 sp 000 0 spa d | ||
| 040 |
_aDO-SdBNP _bspa _cBNPHU |
||
| 082 |
_a843.914 _bA888b |
||
| 100 | 1 |
_aAub, Max. _945204 |
|
| 245 | 1 | 4 |
_aLas buenas intenciones / _cMax Aub. |
| 260 |
_aMadrid : _bAlianza, _c1971. |
||
| 300 |
_a252, [4] p. ; _c18 cm. |
||
| 490 | 1 |
_aEl libro del bolsillo. Literatura _v302 |
|
| 650 | 4 |
_aNovela francesa _91075 |
|
| 650 | 4 |
_aLiteratura francesa _91074 |
|
| 999 |
_c21252 _d21252 |
||